<?xml version="1.0" encoding="UTF-8"?><?xml-stylesheet type="text/xsl" href="static/style.xsl"?><OAI-PMH xmlns="http://www.openarchives.org/OAI/2.0/" xmlns:xsi="http://www.w3.org/2001/XMLSchema-instance" xsi:schemaLocation="http://www.openarchives.org/OAI/2.0/ http://www.openarchives.org/OAI/2.0/OAI-PMH.xsd"><responseDate>2026-06-03T19:21:19Z</responseDate><request verb="GetRecord" identifier="oai:riuma.uma.es:10630/34777" metadataPrefix="marc">https://riuma.uma.es/rest/oai/request</request><GetRecord><record><header><identifier>oai:riuma.uma.es:10630/34777</identifier><datestamp>2026-02-03T11:45:08Z</datestamp><setSpec>com_10630_2254</setSpec><setSpec>col_10630_37956</setSpec></header><metadata><record xmlns="http://www.loc.gov/MARC21/slim" xmlns:dcterms="http://purl.org/dc/terms/" xmlns:doc="http://www.lyncode.com/xoai" xmlns:xsi="http://www.w3.org/2001/XMLSchema-instance" xsi:schemaLocation="http://www.loc.gov/MARC21/slim http://www.loc.gov/standards/marcxml/schema/MARC21slim.xsd">
   <leader>00925njm 22002777a 4500</leader>
   <datafield ind2=" " ind1=" " tag="042">
      <subfield code="a">dc</subfield>
   </datafield>
   <datafield ind2=" " ind1=" " tag="720">
      <subfield code="a">Lupión-Cobos, Teresa</subfield>
      <subfield code="e">author</subfield>
   </datafield>
   <datafield ind2=" " ind1=" " tag="720">
      <subfield code="a">López-Castilla, Rafael</subfield>
      <subfield code="e">author</subfield>
   </datafield>
   <datafield ind2=" " ind1=" " tag="720">
      <subfield code="a">Franco-Mariscal, Antonio Joaquín</subfield>
      <subfield code="e">author</subfield>
   </datafield>
   <datafield ind2=" " ind1=" " tag="720">
      <subfield code="a">Girón-Gambero, Jesús Ramón</subfield>
      <subfield code="e">author</subfield>
   </datafield>
   <datafield ind2=" " ind1=" " tag="260">
      <subfield code="c">2017</subfield>
   </datafield>
   <datafield ind2=" " ind1=" " tag="520">
      <subfield code="a">En este capítulo se analiza la visión del profesorado de secundaria que ha participado en la experiencia PIIISA. Para facilitar al lector su comprensión, inicialmente se describen las funciones realizadas por estos docentes en los proyectos, aportando &#xd;
a continuación consideraciones en torno al proceso de enseñanza-aprendizaje en actividades de indagación e investigación científicas, recogidas en la literatura, comentándose sus características, así como los procesos y conocimientos requeridos para &#xd;
los propios docentes que las practican y las consecuencias en su desempeño docente.&#xd;
 Siendo por tanto de especial interés conocer las consideraciones manifestadas por éstos, se recoge un estudio piloto, donde se ha analizado la visión de 20 profesores tras su participación en el proyecto PIIISA. Como instrumento de trabajo, se utilizó &#xd;
el cuestionario TOSRA (Test of Science Related Attitudes) sobre actitudes hacia la ciencia, validado internacionalmente, analizando aspectos en torno a implicaciones sociales de la ciencia, visión de la vida de los científicos, actitudes de los estudiantes  hacia la investigación científica, adopción de actitudes científicas, disfrute de las clases de ciencia, interés por la ciencia en el tiempo de ocio e interés por estudiar carreras científicas. Finalmente se recogen algunas implicaciones didácticas.</subfield>
   </datafield>
   <datafield ind1="8" ind2=" " tag="024">
      <subfield code="a">https://hdl.handle.net/10630/34777</subfield>
   </datafield>
   <datafield tag="653" ind2=" " ind1=" ">
      <subfield code="a">Profesores de enseñanza secundaria</subfield>
   </datafield>
   <datafield tag="653" ind2=" " ind1=" ">
      <subfield code="a">Investigación activa en educación</subfield>
   </datafield>
   <datafield ind2="0" ind1="0" tag="245">
      <subfield code="a">La visión del profesorado de secundaria  en la experiencia de innovación PIIISA.</subfield>
   </datafield>
</record>
</metadata></record></GetRecord></OAI-PMH>